MARC

LEADER 00000nam0a2200000 4500
001 368407
005 20231102012100.0
035 |a (RuTPU)RU\TPU\retro\25789 
090 |a 368407 
100 |a 20220411d1979 m y0rusy50 ca 
101 0 |a rus 
102 |a UA 
105 |a a j 001zy 
200 1 |a Телевидение  |e учебник для вузов  |f Р. М. Домпбругов 
210 |a Киев  |c Вища школа  |d 1979 
215 |a 176 с.  |c ил. 
320 |a Библиогр.: с. 175 
606 1 |a Телевидение  |2 stltpush  |3 (RuTPU)RU\TPU\subj\72657  |9 86077 
610 1 |a учебники 
610 1 |a физические основы 
610 1 |a телевизионные изображения 
610 1 |a разложение 
610 1 |a параметры 
610 1 |a телевизионные системы 
610 1 |a цветное телевидение 
610 1 |a видиоэффекты 
610 1 |a телевизионные сигналы 
610 1 |a датчики 
610 1 |a развертка 
610 1 |a синхронизация 
610 1 |a воспроизводящие устройства 
675 |a 621.397.13(075.8)  |v 4 
700 1 |a Домпбругов  |b Р. М.  |g Рэм Матвеевич 
801 1 |a RU  |b 63413507  |c 20220411 
942 |c BK